| 000 | 00998nmm a2200277 a 4500 | ||
|---|---|---|---|
| 001 | ocm000668108 | ||
| 003 | TR-IsHL | ||
| 005 | 20201028134344.0 | ||
| 008 | 131121s2009 tu tur | ||
| 007 | cr cn | ||
| 035 |
_a668108 _b(N$T) |
||
| 050 | 0 | 4 |
_aQA276.18 _bY55 2009 |
| 090 | 0 | 4 |
_aQA276.18 _bY55 2009 |
| 100 | 1 | _aYıldız, Necati | |
| 245 | 1 | 0 |
_aİstatistiğe giriş: uygulamalı temel bilgiler ve çözümlü ve cevaplı sorular _h[electronic resource] / _cNecati Yıldız ; Ömer Akbulut, Hüdaverdi Bircan |
| 260 |
_aİstanbul : _bAktif Yayınevi, _c2009 |
||
| 300 | _a336 p. | ||
| 650 | 4 | _aMatematik ve İstatistik | |
| 650 | 4 | _aMathematics and Statistics | |
| 650 | 0 | _aMatematiksel istatistik | |
| 650 | 0 | _aMathematical statistics | |
| 650 | 7 |
_aMATHEMATICS / Probability & Statistics / General _2bisacsh |
|
| 700 | 1 | _aAkbulut, Ömer | |
| 700 | 1 | _aBircan, Hüdaverdi | |
| 856 | 4 | 0 | _uhttp://search.ebscohost.com/login.aspx?direct=true&scope=site&db=e011xww&AN=668108 |
| 999 |
_c6147 _d6147 |
||